Plus Beaux Villages de France par images #1 - Statistiques

Statistiques générales
  • Ce quiz a été pris 45 fois
  • Le résultat moyen est 3 sur 16
Statistiques - réponses
Par images Hint Réponse % Correct
Vaucluse (84) Gordes
51%
Tarn (81) Cordes-sur-Ciel
41%
Mayenne (53) Sainte-Suzanne
28%
Charente-Maritime (17) Ars-en-Ré
23%
Aveyron (12) Estaing
23%
Haute-Garonne (31) Saint-Bertrand-de-Comminges
23%
Val-d'Oise (95) La Roche-Guyon
21%
Finistère (29) Locronan
21%
Haut-Rhin (68) Eguisheim
18%
Corse-du-Sud (2A) Piana
18%
Pyrénées-Atlantiques (64) Aïnhoa
15%
La Réunion (974) Hell-Bourg (Salazie)
15%
Corrèze (19) Curemonte
10%
Gard (30) Lussan
5%
Calvados (14) Blangy-le-Château
3%
Alpes-Maritimes (06) Saorge
0%
Aucun quiz correspondant
Distribution des résultats
% des personnes avec chaque résultat
Percentile par nombre de réponses
Votre historique - résultats
Vous n’avez pas pris ce quiz